Statistics for Poorest Countries [Gross National Income per Capita]

Click here to take the quiz!

General Stats

  • This quiz has been taken 250 times
  • The average score is 13 of 20

Answer Stats

GNI per capitaCountry% Correct
190Democratic Republic of the Congo
84%
360Niger
81%
400Ethiopia
78%
570Rwanda
75%
510Uganda
72%
340Malawi
72%
250Burundi
70%
440Guinea
69%
430Eritrea
67%
240Liberia
67%
470Mozambique
67%
560Togo
66%
340Sierra Leone
66%
600Guinea-Bissau
62%
540Tanzania
61%
570Burkina Faso
58%
470Central African Republic
57%
430Madagascar
53%
400Afghanistan
52%
540Nepal
32%

Score Distribution

Percentile by Number Answered

Percent of People with Each Score

Your Score History

You have not taken this quiz